Agresión social / (Record no. 21263)

MARC details
000 -LEADER
campo de control de longitud fija 00586nam a2200169 i 4500
001 - NÚMERO DE CONTROL
campo de control 21263
003 - IDENTIFICADOR DE NÚMERO DE CONTROL
campo de control ES-MaACL
007 - CAMPO FIJO DE DESCRIPCIÓN FÍSICA--INFORMACIÓN GENERAL
campo de control de longitud fija t|
008 - DATOS DE LONGITUD FIJA--INFORMACIÓN GENERAL
campo de control de longitud fija 021122s1985 sp ||||1| spa d
020 ## - NÚMERO INTERNACIONAL ESTÁNDAR DEL LIBRO
Número Internacional Estándar del Libro 84-86389-01-1
245 00 - MENCIÓN DEL TÍTULO
Título Agresión social /
Mención de responsabilidad, etc. Amando de Miguel... [et al.] ; [textos del Simposio Nacional sobre Agresión Social].
260 ## - PUBLICACIÓN, DISTRIBUCIÓN, ETC.
Lugar de publicación, distribución, etc. Madrid :
Nombre del editor, distribuidor, etc. Instituto de Ciencias del Hombre,
Fecha de publicación, distribución, etc. 1985.
300 ## - DESCRIPCIÓN FÍSICA
Extensión 211 p. ;
Dimensiones 22 cm.
700 1# - ENTRADA AGREGADA--NOMBRE PERSONAL
Nombre de persona Miguel, Amando de.
9 (RLIN) 81000
711 2# - ENTRADA AGREGADA--NOMBRE DE REUNIÓN
Nombre de congreso/reunión o jurisdicción como elemento de entrada Simposio Nacional sobre Agresión Social (
Fecha del congreso o de la firma del tratado 1984.
Sede del congreso/Lugar de la reunión Madrid)
9 (RLIN) 1087
852 ## - LOCALIZACIÓN
Ubicación ES-MaACL
Número de control de estantería L-8717
Sublocalización o colección R.108822
Holdings
Estatus retirado Estado de pérdida Estado de daño No para préstamo Biblioteca de origen Biblioteca actual Ubicación en estantería Fecha de adquisición Fuente de adquisición Total de préstamos Signatura topográfica completa Código de barras Visto por última vez Precio de reemplazo Tipo de ítem Koha
        Biblioteca del Ateneo de Madrid Biblioteca del Ateneo de Madrid Depósito 2 17/01/2008     L-8717 1021843 23/02/2023 23/02/2023 Libro impreso